A-Z: Italy - Statistics

General Stats
  • This quiz has been taken 60 times
  • The average score is 15 of 26
Answer Stats
Hint Answer % Correct
Sports car manufacturer F Ferrari
96%
Gelato in English I Ice Cream
94%
Sea between the Balkan Peninsula and Italy A Adriatic Sea
92%
Astronomer who discovered the moons of Jupiter G Galileo Galilei
88%
Pizza was invented in this city N Naples
87%
City with the oldest university in the world B Bologna
85%
Roman king who murdered his brother Remus R Romulus
85%
Island that Napoleon was relocated to E Elba
83%
Four in Italian Q Quattro
83%
Island with an "emerald coast" S Sardinia
77%
Seventeen in Roman numerals X XVII
75%
Capital of Sardinia C Cagliari
63%
City on the border of Slovenia T Trieste
63%
Augustus Caesar's birth name was Gaius ........ O Octavian
58%
Greek mathematician who lived in Sicily P Pythagoras
58%
Giallo in English Y Yellow
58%
Art gallery in Florence U Uffizi
54%
Current Prime Minister of Italy M Giorgia Meloni
40%
City beside Pompeii which was destroyed by a volcano H Herculaneum
35%
First king of modern Italy V Victor Emmanuel
31%
This Italian singer duetted with Paul Young on "Senza Una Donna" Z Zucchero
27%
Town on Lake Garda famous for lemons L Limone
19%
The first day of the month in the Roman calendar K Kalends
15%
Prime Minister of Italy between 2021 and 2022 D Mario Draghi
15%
Football team from Turin J Juventas
6%
Opera by Catalani: La W.... W Wally
4%
No matching quizzes found
Score Distribution
Percent of People with Each Score
Percentile by Number Answered
Your Score History
You have not taken this quiz